[Event "Barcelona Sant Marti op 21st"]
[Site "Barcelona"]
[Date "2019.07.21"]
[Round "9"]
[White "Vaklinov, Vasil"]
[Black "Barbero Sendic, Alejandro"]
[Result "0-1"]
[WhiteElo "2104"]
[BlackElo "2348"]
[PlyCount "112"]
[EventDate "2019.07.13"]
[EventType "swiss"]
[EventRounds "9"]
[EventCountry "ESP"]
[SourceTitle "EXT 2020"]
[Source "ChessBase"]
[SourceDate "2019.10.17"]
[SourceVersion "1"]
[SourceVersionDate "2019.10.17"]
[SourceQuality "1"]

1. c4 e6 2. Nf3 d5 3. b3 Nf6 4. g3 c5 5. Bg2 Nc6 6. 0-0 Be7 7. e3 0-0 8. Bb2 b6 9. Qe2 a5 10. d4 Ba6 11. Nbd2 Rc8 12. Rfd1 Qc7 13. Rac1 Qa7 14. Ne5 cxd4 15. exd4 a4 16. Qe3 a3 17. Nxc6 Rxc6 18. Bc3 Rfc8 19. Nb1 R6c7 20. cxd5 Nxd5 21. Bxd5 exd5 22. Bd2 Bf8 23. Nc3 Qa8 24. Qf3 Rd8 25. Na4 Rxc1 26. Rxc1 Rc8 27. Kg2 Rxc1 28. Bxc1 Qc6 29. Nc3 b5 30. Qe3 b4 31. Na4 Qb5 32. Qe1 h6 33. Bd2 Bc8 34. Nc5 Bxc5 35. dxc5 d4 36. Bxb4 Bb7+ 37. f3 d3 38. Qc3 Qd7 39. Qe1 Bd5 40. Qd2 Qf5 41. Qe3 Qg4 42. Bc3 Qf5 43. Qf4 Qe6 44. Qd2 Qg6 45. Bb4 Bc6 46. Bc3 Qf5 47. Qe3 d2 48. Bxd2 Qc2 49. Kh3 Qxa2 50. Bc3 Qb1 51. Qe1 a2 52. Qd2 Qf5+ 53. Kg2 Qxf3+ 54. Kg1 Qh1+ 55. Kf2 Qxh2+ 56. Ke3 Qxg3+ 0-1

[Event "Barcelona Sant Marti op 21st"]
[Site "Barcelona"]
[Date "2019.07.15"]
[Round "3"]
[White "Vaklinov, Vasil"]
[Black "Mahajan, Ayush"]
[Result "0-1"]
[WhiteElo "2104"]
[BlackElo "1605"]
[PlyCount "84"]
[EventDate "2019.07.13"]
[EventType "swiss"]
[EventRounds "9"]
[EventCountry "ESP"]
[SourceTitle "EXT 2020"]
[Source "ChessBase"]
[SourceDate "2019.10.17"]
[SourceVersion "1"]
[SourceVersionDate "2019.10.17"]
[SourceQuality "1"]

1. c4 e5 2. Nc3 Nf6 3. g3 Bb4 4. Nd5 Bc5 5. Bg2 c6 6. Nxf6+ Qxf6 7. e3 d6 8. a3 a5 9. Ne2 Be6 10. Qb3 b5 11. d3 0-0 12. 0-0 bxc4 13. dxc4 Qe7 14. Qd3 f5 15. b3 Ra6 16. Bb2 Nd7 17. Nc3 e4 18. Qc2 Ne5 19. Na4 Ba7 20. Bxe5 dxe5 21. Qc3 Bf7 22. Rfd1 c5 23. Qd2 Be6 24. Nc3 Qb7 25. Nb5 a4 26. Qc3 axb3 27. Qxb3 Bb8 28. a4 Qf7 29. Rac1 f4 30. Qc2 f3 31. Bf1 Bf5 32. Nc3 Qh5 33. Nxe4 Rh6 34. h4 Qg4 35. Bd3 Rxh4 36. Ng5 e4 37. Bxe4 Bxg3 38. Bxf3 Bxf2+ 39. Kf1 Rh1+ 40. Ke2 Qxg5 41. Qd2 Bg4 42. Rxh1 Bxf3+ 0-1

[Event "Barcelona Sant Marti op 21st"]
[Site "Barcelona"]
[Date "2019.07.14"]
[Round "2"]
[White "Hernandez, Cristian Andres"]
[Black "Vaklinov, Vasil"]
[Result "1-0"]
[WhiteElo "2355"]
[BlackElo "2104"]
[PlyCount "139"]
[EventDate "2019.07.13"]
[EventType "swiss"]
[EventRounds "9"]
[EventCountry "ESP"]
[SourceTitle "EXT 2020"]
[Source "ChessBase"]
[SourceDate "2019.10.17"]
[SourceVersion "1"]
[SourceVersionDate "2019.10.17"]
[SourceQuality "1"]

1. d4 d6 2. Nf3 g6 3. c4 Bg7 4. Nc3 e5 5. e4 exd4 6. Nxd4 Ne7 7. Be3 Nbc6 8. h4 f5 9. h5 fxe4 10. hxg6 hxg6 11. Rxh8+ Bxh8 12. Nxe4 Bf5 13. Nxf5 Nxf5 14. Bg5 Qd7 15. Qd2 Nfe7 16. 0-0-0 0-0-0 17. Re1 Re8 18. Nf6 Bxf6 19. Bxf6 Nf5 20. Rxe8+ Qxe8 21. Bc3 Qe4 22. f3 Qe3 23. Bd3 Qg1+ 24. Qe1 Qxe1+ 25. Bxe1 Ne5 26. Be2 Ne3 27. g3 c5 28. b3 Kd7 29. Bf2 Nf5 30. g4 Ne7 31. f4 N5c6 32. Kd2 Ke6 33. Bf3 b6 34. Bh4 Nd4 35. Be4 d5 36. Bg2 dxc4 37. bxc4 Kf7 38. Kd3 Ne6 39. Ke4 Nc6 40. a3 Na5 41. f5 gxf5+ 42. gxf5 Nd4 43. Kf4 Ne2+ 44. Kg5 Nc3 45. Be1 Nd1 46. Bd5+ Kf8 47. Bg3 Ne3 48. Bd6+ Ke8 49. f6 Nxd5 50. cxd5 Kf7 51. Bb8 c4 52. Be5 Nb7 53. Kf5 Nc5 54. Bd4 Nd7 55. d6 a6 56. Bc3 b5 57. Bb4 a5 58. Bxa5 Nxf6 59. Ke5 Nd7+ 60. Kd5 Ke8 61. Kc6 Ne5+ 62. Kc7 Nf7 63. d7+ Ke7 64. Bb4+ Ke6 65. d8Q Nxd8 66. Kxd8 c3 67. Bxc3 Kd6 68. Kc8 Kc6 69. Be5 Kd5 70. Kd7 1-0

[Event "Sofia MGU op 189th"]
[Site "Sofia"]
[Date "2017.09.09"]
[Round "1"]
[White "Vaklinov, Vasil"]
[Black "Babatov, Martin"]
[Result "1-0"]
[WhiteElo "2099"]
[BlackElo "1737"]
[PlyCount "85"]
[EventDate "2017.09.09"]
[EventType "swiss"]
[EventRounds "6"]
[EventCountry "BUL"]
[SourceTitle "CBM 180 Extra"]
[Source "ChessBase"]
[SourceDate "2017.10.06"]
[SourceVersion "1"]
[SourceVersionDate "2017.10.06"]
[SourceQuality "1"]

1. e4 c6 2. Nc3 d5 3. Nf3 dxe4 4. Nxe4 Bg4 5. Bc4 e6 6. h3 Bxf3 7. Qxf3 Nf6 8. Nxf6+ Qxf6 9. Qxf6 gxf6 10. d4 Rg8 11. 0-0 Bd6 12. f4 f5 13. Be3 Nd7 14. Bb3 0-0-0 15. Rad1 Nf6 16. Rf3 Rg6 17. Kh2 Rdg8 18. g3 Ne4 19. Rg1 h5 20. h4 Nf6 21. Bf2 Ng4+ 22. Kh3 Nxf2+ 23. Rxf2 c5 24. c3 cxd4 25. cxd4 Rg4 26. Kh2 R4g7 27. Bd1 Rh7 28. Bf3 Kb8 29. Rc2 Rhg7 30. Rgg2 Rh7 31. a3 f6 32. Rce2 Re8 33. Rg1 e5 34. dxe5 fxe5 35. Rd1 Bc7 36. Rd5 e4 37. Rxf5 Rhe7 38. Rxe4 Rxe4 39. Bxe4 Rxe4 40. Rf8+ Bd8 41. Rxd8+ Kc7 42. Rd2 Kc6 43. Kg2 1-0

[Event "BUL-chT2"]
[Site "Sunny Beach"]
[Date "2014.09.20"]
[Round "2.2"]
[White "Bochev, Krasimir"]
[Black "Vaklinov, Vasil"]
[Result "1-0"]
[WhiteElo "2065"]
[BlackElo "2166"]
[PlyCount "67"]
[EventDate "2014.09.19"]
[EventType "team-swiss"]
[EventRounds "7"]
[EventCountry "BUL"]
[SourceTitle "EXT 2015"]
[Source "ChessBase"]
[SourceDate "2014.11.20"]
[SourceVersion "1"]
[SourceVersionDate "2014.11.20"]
[SourceQuality "1"]
[WhiteTeam "Vratsa"]
[BlackTeam "Blagoevgrad Victory"]
[WhiteTeamCountry "BUL"]
[BlackTeamCountry "BUL"]

1. Nf3 d6 2. d4 g6 3. c4 Bg7 4. Nc3 e5 5. dxe5 dxe5 6. Qxd8+ Kxd8 7. Bd2 f6 8. 0-0-0 Bd7 9. g4 c6 10. Rg1 Kc7 11. Ne4 Be6 12. e3 Nd7 13. Bb4 Bf8 14. Bc3 Bg7 15. Be2 Ne7 16. g5 fxg5 17. Nfxg5 Bf5 18. Bb4 Nc8 19. Nd6 Bf8 20. Nxf5 Bxb4 21. Ne6+ Kb6 22. Rxd7 gxf5 23. Rgg7 Rb8 24. a3 Bf8 25. Rgf7 Bd6 26. Rxf5 Re8 27. Ng5 Re7 28. Rd8 Kc7 29. Rg8 Nb6 30. Rxb8 Kxb8 31. Ne4 Nc8 32. Rf8 Rd7 33. Nxd6 Rxd6 34. Bg4 1-0

[Event "Blagoevgrad op"]
[Site "Blagoevgrad"]
[Date "2013.10.03"]
[Round "8"]
[White "Vaklinov, Vasil"]
[Black "Mladenov, Plamen"]
[Result "1/2-1/2"]
[WhiteElo "2144"]
[BlackElo "2390"]
[PlyCount "111"]
[EventDate "2013.09.28"]
[EventType "swiss"]
[EventRounds "9"]
[EventCountry "BUL"]
[SourceTitle "CBM 156 Extra"]
[Source "ChessBase"]
[SourceDate "2013.10.22"]
[SourceVersion "1"]
[SourceVersionDate "2013.10.22"]
[SourceQuality "1"]

1. c4 e5 2. Nc3 Nc6 3. g3 Bc5 4. Bg2 d6 5. e3 Bf5 6. d3 Nf6 7. a3 a5 8. Nge2 0-0 9. 0-0 Rb8 10. Nd5 Nxd5 11. cxd5 Ne7 12. d4 Bb6 13. dxe5 dxe5 14. Nc3 Nc8 15. b4 axb4 16. axb4 Qe7 17. Qb3 Nd6 18. Na4 Ra8 19. Ba3 Bd3 20. Rfc1 Bb5 21. Nxb6 cxb6 22. Bb2 Rxa1 23. Bxa1 Re8 24. Qd1 Bc4 25. Bc3 b5 26. e4 Qd7 27. f4 exf4 28. Qd4 f6 29. gxf4 Qg4 30. e5 Nf5 31. Qe4 Nh4 32. d6 Nxg2 33. Qxg2 Qxf4 34. Re1 fxe5 35. d7 Rd8 36. Bxe5 Qf7 37. Bxg7 Rxd7 38. Bd4+ Qg6 39. Qxg6+ hxg6 40. Bc5 Kf7 41. Re3 Kf6 42. Kf2 Rd2+ 43. Kg3 Bd5 44. h4 Rg2+ 45. Kf4 Rc2 46. Bd4+ Kf7 47. Re5 Bc6 48. Bc5 Rg2 49. h5 gxh5 50. Rxh5 Re2 51. Re5 Rh2 52. Rg5 Ke6 53. Re5+ Kf6 54. Rf5+ Ke6 55. Re5+ Kf6 56. Rf5+ 1/2-1/2

[Event "FRA-chT1 0910"]
[Site "France"]
[Date "2009.11.21"]
[Round "4.3"]
[White "Lerch, Patrice"]
[Black "Vaklinov, Vasil"]
[Result "1-0"]
[WhiteElo "2316"]
[BlackElo "2202"]
[PlyCount "57"]
[EventDate "2009.09.27"]
[EventType "team-tourn"]
[EventRounds "11"]
[EventCountry "FRA"]
[SourceTitle "EXT 2011"]
[Source "ChessBase"]
[SourceDate "2010.11.26"]
[SourceVersion "1"]
[SourceVersionDate "2010.11.26"]
[SourceQuality "1"]

1. e4 c5 2. Nc3 Nc6 3. g3 g6 4. Bg2 Bg7 5. d3 d6 6. Be3 e6 7. Qd2 Nd4 8. Nd1 e5 9. c3 Nc6 10. Ne2 Nf6 11. h3 0-0 12. 0-0 b6 13. d4 Ba6 14. Re1 Rc8 15. f4 Bxe2 16. Rxe2 exf4 17. gxf4 Re8 18. Nf2 Nh5 19. Rd1 cxd4 20. cxd4 Qh4 21. Ree1 Qg3 22. Nh1 Qh4 23. Rf1 Rc7 24. e5 Qe7 25. Rfe1 dxe5 26. d5 Rd8 27. d6 Qe6 28. dxc7 Rxd2 29. Rxd2 1-0

[Event "FRA-chT1 0910"]
[Site "France"]
[Date "2009.10.18"]
[Round "3.2"]
[White "Vajda, Levente"]
[Black "Vaklinov, Vasil"]
[Result "1-0"]
[WhiteElo "2557"]
[BlackElo "2217"]
[PlyCount "51"]
[EventDate "2009.09.27"]
[EventType "team-tourn"]
[EventRounds "11"]
[EventCountry "FRA"]
[SourceTitle "EXT 2011"]
[Source "ChessBase"]
[SourceDate "2010.11.26"]
[SourceVersion "1"]
[SourceVersionDate "2010.11.26"]
[SourceQuality "1"]

1. e4 c5 2. c3 d5 3. exd5 Qxd5 4. d4 Nf6 5. Nf3 Bg4 6. dxc5 Bxf3 7. Qxf3 Qxf3 8. gxf3 e6 9. b4 Nbd7 10. a3 0-0-0 11. Ra2 Ne5 12. Be2 Nd3+ 13. Bxd3 Rxd3 14. Ke2 Rd8 15. Be3 Kb8 16. c4 Be7 17. Nc3 h6 18. Rd2 Rxd2+ 19. Bxd2 Rd8 20. Bf4+ Kc8 21. Nb5 a6 22. Na7+ Kd7 23. Rd1+ Ke8 24. Rxd8+ Kxd8 25. c6 bxc6 26. Nxc6+ 1-0

[Event "Montpellier op 4th"]
[Site "Montpellier"]
[Date "2009.??.??"]
[Round "5"]
[White "Vaklinov, Vasil"]
[Black "Boukhris, Yacine"]
[Result "0-1"]
[WhiteElo "2202"]
[BlackElo "1960"]
[PlyCount "50"]
[EventDate "2009.12.26"]
[EventType "swiss"]
[EventRounds "9"]
[EventCountry "FRA"]
[SourceTitle "CBM 134 Extra"]
[Source "ChessBase"]
[SourceDate "2010.03.03"]
[SourceVersion "1"]
[SourceVersionDate "2010.03.03"]
[SourceQuality "1"]

1. c4 Nf6 2. Nc3 g6 3. g3 Bg7 4. Bg2 0-0 5. Nf3 d6 6. 0-0 e5 7. d3 c6 8. Rb1 a5 9. a3 h6 10. b4 axb4 11. axb4 Be6 12. b5 Nbd7 13. Qb3 d5 14. Nd2 e4 15. Ba3 Re8 16. Bd6 e3 17. fxe3 Ng4 18. Nd1 Nxe3 19. Nxe3 Bd4 20. Nf3 Bxe3+ 21. Kh1 Nf6 22. Bf4 Ng4 23. bxc6 bxc6 24. Ne5 Bxf4 25. Rxf4 Nxe5 0-1

[Event "Montpellier op La Diagonale 3rd"]
[Site "Montpellier"]
[Date "2008.12.27"]
[Round "4"]
[White "Vaklinov, Vasil"]
[Black "Youssoupov, Moisse"]
[Result "1/2-1/2"]
[WhiteElo "2234"]
[BlackElo "1917"]
[PlyCount "52"]
[EventDate "2008.12.27"]
[EventType "swiss"]
[EventRounds "9"]
[EventCountry "FRA"]
[SourceTitle "EXT 2010"]
[Source "ChessBase"]
[SourceDate "2010.11.25"]
[SourceVersion "1"]
[SourceVersionDate "2010.11.25"]
[SourceQuality "1"]

1. c4 c5 2. Nf3 d6 3. g3 Nc6 4. Bg2 g6 5. Nc3 Bg7 6. a3 a6 7. Rb1 Rb8 8. 0-0 Bd7 9. e3 b5 10. cxb5 axb5 11. d4 cxd4 12. exd4 Bg4 13. Be3 Qd7 14. Qd2 Nf6 15. b4 0-0 16. Rbc1 Rfc8 17. Rfe1 Qf5 18. Nh4 Qd7 19. f3 Bh3 20. Bh1 h5 21. Ne2 Nd5 22. Bh6 Bf6 23. Ng2 Nb6 24. Ne3 Kh7 25. Nf4 Bf5 26. Ne2 Bh3 1/2-1/2

[Event "FRA-chT2 South 0809"]
[Site "France"]
[Date "2008.12.14"]
[Round "4.5"]
[White "Vaklinov, Vasil"]
[Black "Fantinel, Thibault"]
[Result "1/2-1/2"]
[WhiteElo "2234"]
[BlackElo "2000"]
[PlyCount "113"]
[EventDate "2008.10.12"]
[EventType "tourn"]
[EventRounds "11"]
[EventCountry "FRA"]
[SourceTitle "EXT 2010"]
[Source "ChessBase"]
[SourceDate "2010.11.25"]
[SourceVersion "1"]
[SourceVersionDate "2010.11.25"]
[SourceQuality "1"]
[WhiteTeam "Montpellier Diagonale"]
[BlackTeam "Agen"]
[WhiteTeamCountry "FRA"]
[BlackTeamCountry "FRA"]

1. c4 Nf6 2. Nf3 c6 3. g3 d5 4. b3 Bg4 5. Bb2 Nbd7 6. Bg2 e6 7. 0-0 Be7 8. d3 Bxf3 9. Bxf3 0-0 10. Nd2 Re8 11. Qc2 Bd6 12. e4 dxe4 13. Nxe4 Nxe4 14. Bxe4 Nf6 15. Bg2 e5 16. Rfe1 Bc5 17. Rad1 Bd4 18. h3 Qd7 19. Bc1 Rad8 20. Qe2 Qc7 21. Bg5 Rd6 22. Kh2 h6 23. Be3 Qb6 24. Qc2 Nd7 25. a3 a5 26. Rb1 Qa7 27. b4 axb4 28. axb4 b6 29. Bxd4 Rxd4 30. Bxc6 Qc7 31. b5 Rd8 32. Bxd7 R8xd7 33. Re3 Qd6 34. Rbe1 f6 35. Ra1 Rxd3 36. Ra8+ Kf7 37. Rxd3 Qxd3 38. Qxd3 Rxd3 39. Ra7+ Kg6 40. h4 Rc3 41. Rc7 h5 42. Kg2 e4 43. Kf1 Rc2 44. Ke1 Kf5 45. Rxg7 Rxc4 46. Rb7 Kg4 47. Rxb6 f5 48. Rc6 Rb4 49. Rc5 Rb2 50. Kf1 f4 51. gxf4 Kf3 52. Rc3+ Kxf4 53. Rc5 Kg4 54. Re5 Kf3 55. Rf5+ Kg4 56. Re5 Kf3 57. Rf5+ 1/2-1/2

[Event "FRA-chT2 South 0708"]
[Site "France"]
[Date "2008.04.06"]
[Round "11.6"]
[White "Vaklinov, Vasil"]
[Black "Lafeuille, Bernard"]
[Result "1-0"]
[WhiteElo "2190"]
[BlackElo "1922"]
[PlyCount "81"]
[EventDate "2007.10.21"]
[EventType "team-tourn"]
[EventRounds "11"]
[EventCountry "FRA"]
[SourceTitle "EXT 2009"]
[Source "ChessBase"]
[SourceDate "2008.11.26"]
[SourceVersion "1"]
[SourceVersionDate "2008.11.26"]
[SourceQuality "1"]
[WhiteTeam "Montpellier Diagonale"]
[BlackTeam "Chamalieres"]
[WhiteTeamCountry "FRA"]
[BlackTeamCountry "FRA"]

1. c4 f5 2. Nc3 Nf6 3. g3 e6 4. Bg2 Be7 5. d4 0-0 6. Nf3 d6 7. 0-0 Ne4 8. Qd3 Nxc3 9. Qxc3 a5 10. a3 Nc6 11. Rb1 Bf6 12. Rd1 Qe7 13. b4 e5 14. e3 e4 15. Nd2 a4 16. b5 Nd8 17. Qc2 Ne6 18. Nf1 Ng5 19. Qe2 Qf7 20. Nd2 Qg6 21. Bb2 Bd7 22. Re1 Qh6 23. f4 Nh3+ 24. Kh1 Be8 25. Qf1 Ng5 26. fxg5 Bxg5 27. Qf2 Bg6 28. Rbc1 Rf7 29. d5 Raf8 30. Nf1 Bh5 31. Bd4 Be7 32. b6 cxb6 33. Rb1 g5 34. Rxb6 f4 35. exf4 gxf4 36. Bxe4 f3 37. c5 Rf6 38. Rxb7 dxc5 39. Be3 Qg7 40. Bxc5 R6f7 41. d6 1-0

[Event "FRA-chT2 South 0708"]
[Site "France"]
[Date "2008.03.16"]
[Round "9.5"]
[White "Vaklinov, Vasil"]
[Black "Maghrabi, Yvan"]
[Result "1-0"]
[WhiteElo "2172"]
[BlackElo "2088"]
[PlyCount "65"]
[EventDate "2007.10.21"]
[EventType "team-tourn"]
[EventRounds "11"]
[EventCountry "FRA"]
[SourceTitle "EXT 2009"]
[Source "ChessBase"]
[SourceDate "2008.11.26"]
[SourceVersion "1"]
[SourceVersionDate "2008.11.26"]
[SourceQuality "1"]
[WhiteTeam "Montpellier Diagonale"]
[BlackTeam "Bordeaux ASPOM"]
[WhiteTeamCountry "FRA"]
[BlackTeamCountry "FRA"]

1. c4 Nf6 2. Nc3 c5 3. g3 g6 4. Bg2 Bg7 5. Nf3 0-0 6. a3 Nc6 7. 0-0 d5 8. cxd5 Nxd5 9. Nxd5 Qxd5 10. d3 Qh5 11. Qc2 Nd4 12. Nxd4 cxd4 13. Re1 Qa5 14. Bd2 Qb6 15. Bb4 Bf6 16. Rac1 a5 17. Bc5 Qa6 18. Qb3 Be6 19. Qb6 Qxb6 20. Bxb6 Ra6 21. Bc7 Ra7 22. Rc5 a4 23. Rec1 Rc8 24. h4 h5 25. Kf1 Bd7 26. Bf4 Rxc5 27. Rxc5 b6 28. Bb8 Ra6 29. Rc7 Be6 30. Ra7 Bc8 31. Rxa6 Bxa6 32. Bc6 Kf8 33. Bxa4 1-0

[Event "Orsay op"]
[Site "Orsay"]
[Date "2008.03.08"]
[Round "6"]
[White "Vaklinov, Vasil"]
[Black "Jagstaidt, Patrick"]
[Result "1/2-1/2"]
[WhiteElo "2172"]
[BlackElo "2028"]
[PlyCount "59"]
[EventDate "2008.03.06"]
[EventType "swiss"]
[EventRounds "7"]
[EventCountry "FRA"]
[SourceTitle "EXT 2010"]
[Source "ChessBase"]
[SourceDate "2010.11.25"]
[SourceVersion "1"]
[SourceVersionDate "2010.11.25"]
[SourceQuality "1"]

1. c4 g6 2. Nc3 Bg7 3. g3 Nf6 4. Bg2 0-0 5. Nf3 c6 6. d4 d5 7. cxd5 cxd5 8. Ne5 e6 9. 0-0 Nfd7 10. f4 Nc6 11. Be3 f6 12. Nd3 f5 13. Ne5 Nf6 14. Rc1 Bd7 15. a3 a5 16. h3 Rc8 17. Qb3 b5 18. Nxb5 a4 19. Qd3 Ne4 20. Kh2 Nxe5 21. dxe5 Rb8 22. Nd4 Rxb2 23. Rb1 Rb8 24. Bxe4 fxe4 25. Qa6 Re8 26. Bd2 Bf8 27. Bb4 Ra8 28. Qb7 Rb8 29. Qa7 Ra8 30. Qb7 1/2-1/2

[Event "Orsay op"]
[Site "Orsay"]
[Date "2008.03.06"]
[Round "4"]
[White "Vaklinov, Vasil"]
[Black "De Lagontrie, Jean"]
[Result "1-0"]
[WhiteElo "2172"]
[BlackElo "2010"]
[PlyCount "73"]
[EventDate "2008.03.06"]
[EventType "swiss"]
[EventRounds "7"]
[EventCountry "FRA"]
[SourceTitle "EXT 2010"]
[Source "ChessBase"]
[SourceDate "2010.11.25"]
[SourceVersion "1"]
[SourceVersionDate "2010.11.25"]
[SourceQuality "1"]

1. e4 e6 2. d3 d5 3. Qe2 dxe4 4. dxe4 b6 5. Nf3 Ba6 6. c4 Bc5 7. Nc3 Ne7 8. Be3 Bxe3 9. Qxe3 c5 10. Rd1 Qc7 11. Bd3 0-0 12. e5 Nbc6 13. 0-0 Ng6 14. Rfe1 Rad8 15. h4 Nd4 16. h5 Nxf3+ 17. gxf3 Ne7 18. h6 Ng6 19. hxg7 Kxg7 20. Kg2 h6 21. Rh1 Rh8 22. Rh5 Bb7 23. Nb5 Qe7 24. Nd6 Rxd6 25. exd6 Qxd6 26. Bc2 Qc7 27. Qc3+ Kg8 28. Bxg6 fxg6 29. Qf6 Bxf3+ 30. Kxf3 Qb7+ 31. Ke3 Kh7 32. Rxh6+ Kxh6 33. Qxh8+ Kg5 34. f4+ Kf5 35. Qe5+ Kg4 36. Qg5+ Kh3 37. Rg1 1-0

[Event "FRA-chT2 South 0708"]
[Site "France"]
[Date "2008.01.20"]
[Round "6.4"]
[White "Vaklinov, Vasil"]
[Black "Gachet, Sebastien"]
[Result "0-1"]
[WhiteElo "2172"]
[BlackElo "2271"]
[PlyCount "110"]
[EventDate "2007.10.21"]
[EventType "team-tourn"]
[EventRounds "11"]
[EventCountry "FRA"]
[SourceTitle "EXT 2009"]
[Source "ChessBase"]
[SourceDate "2008.11.26"]
[SourceVersion "1"]
[SourceVersionDate "2008.11.26"]
[SourceQuality "1"]
[WhiteTeam "Montpellier Diagonale"]
[BlackTeam "Nice"]
[WhiteTeamCountry "FRA"]
[BlackTeamCountry "FRA"]

1. c4 Nf6 2. g3 g6 3. Bg2 Bg7 4. Nc3 0-0 5. Nf3 c6 6. 0-0 d6 7. d3 e5 8. Rb1 Re8 9. b4 d5 10. cxd5 cxd5 11. Bg5 h6 12. Bd2 d4 13. Na4 Nbd7 14. Qb3 Nb6 15. Nc5 Nbd5 16. b5 b6 17. Na6 Bb7 18. Rfc1 Qd7 19. a4 g5 20. Rc2 g4 21. Nh4 e4 22. dxe4 Nxe4 23. Qd3 Nxd2 24. Rxd2 Rac8 25. Qf5 Qe6 26. Nb4 Nc3 27. Re1 Bxg2 28. Kxg2 Rc4 29. Nc6 Rxa4 30. Kf1 Bf6 31. Qxe6 fxe6 32. Rb2 Rc8 33. Ng6 Kg7 34. Nge5 h5 35. e3 dxe3 36. Rxe3 Nd1 37. Rd2 Nxe3+ 38. fxe3 Rc7 39. Nd3 Rd7 40. Ke2 Bg5 41. Rc2 Re4 42. Nf4 Bxf4 43. gxf4 Ra4 44. Nd4 Kf6 45. Rc6 Raxd4 46. exd4 Rxd4 47. Ke3 Rb4 48. Rc7 Rxb5 49. Rxa7 Rb2 50. Rb7 b5 51. Rb8 b4 52. Rf8+ Ke7 53. Rb8 b3 54. h4 gxh3 55. Rh8 Rg2 0-1

[Event "Montpellier op"]
[Site "Montpellier"]
[Date "2006.12.??"]
[Round "3"]
[White "Vaklinov, Vasil"]
[Black "Bricard, Emmanuel"]
[Result "0-1"]
[WhiteElo "2169"]
[BlackElo "2467"]
[PlyCount "64"]
[EventDate "2006.12.26"]
[EventType "swiss"]
[EventRounds "9"]
[EventCountry "FRA"]
[SourceTitle "CBM 116 Extra"]
[Source "ChessBase"]
[SourceDate "2007.03.07"]
[SourceVersion "1"]
[SourceVersionDate "2007.03.07"]
[SourceQuality "1"]

1. e4 c5 2. Nf3 d6 3. d4 cxd4 4. Nxd4 Nf6 5. Nc3 g6 6. g3 Bg4 7. f3 Bd7 8. Be3 Bg7 9. Bg2 Nc6 10. 0-0 0-0 11. Nxc6 bxc6 12. Qd2 Qa5 13. Rab1 Rfd8 14. Rfd1 Rab8 15. Bf1 Be6 16. Qf2 c5 17. e5 Ne8 18. f4 dxe5 19. Bxc5 exf4 20. Rxd8 Rxd8 21. Bxa7 fxg3 22. hxg3 Bxc3 23. Bb6 Qxb6 24. Qxb6 Bd4+ 25. Qxd4 Rxd4 26. b3 Rd2 27. Bd3 Nf6 28. a4 Bd5 29. b4 Nh5 30. c4 Rg2+ 31. Kf1 Nxg3+ 32. Ke1 Bxc4 0-1

[Event "Pierrevert op"]
[Site "Pierrevert"]
[Date "2004.04.26"]
[Round "2"]
[White "Vaklinov, Vasil"]
[Black "Bettman, Jan"]
[Result "1-0"]
[WhiteElo "2164"]
[BlackElo "1837"]
[PlyCount "62"]
[EventDate "2004.??.??"]
[EventType "swiss (rapid)"]
[EventRounds "9"]
[EventCountry "FRA"]
[SourceTitle "EXT 2005"]
[Source "ChessBase"]
[SourceDate "2004.11.15"]
[SourceVersion "1"]
[SourceVersionDate "2004.11.15"]
[SourceQuality "1"]

1. e4 c5 2. Nf3 Nc6 3. Nc3 e5 4. Bc4 Nf6 5. d3 Be7 6. Ng5 0-0 7. f4 d5 8. exd5 Bg4 9. Nf3 Bxf3 10. Qxf3 Nd4 11. Qd1 b5 12. fxe5 bxc4 13. exf6 cxd3 14. Qxd3 Bxf6 15. 0-0 Rb8 16. Ne4 Be5 17. Ng5 g6 18. c3 f6 19. Ne4 c4 20. Qxc4 Nc2 21. Bh6 Rxb2 22. d6+ Kh8 23. Rfd1 Qa8 24. Rd2 Na3 25. Qc7 Rb7 26. Qc5 Rb5 27. Qxa3 Qxe4 28. d7 Bxh2+ 29. Kxh2 Qh4+ 30. Kg1 Qxh6 31. Qxf8+ Qxf8 1-0

[Event "Pierrevert op"]
[Site "Pierrevert"]
[Date "2004.??.??"]
[Round "?"]
[White "Jean, Claude"]
[Black "Vaklinov, Vasil"]
[Result "1-0"]
[WhiteElo "2220"]
[BlackElo "2164"]
[PlyCount "52"]
[EventDate "2004.??.??"]
[EventType "swiss (rapid)"]
[EventRounds "9"]
[EventCountry "FRA"]
[SourceTitle "EXT 2005"]
[Source "ChessBase"]
[SourceDate "2004.11.15"]
[SourceVersion "1"]
[SourceVersionDate "2004.11.15"]
[SourceQuality "1"]

1. d4 d6 2. e4 Nf6 3. Nc3 Nbd7 4. f4 e5 5. Nf3 exd4 6. Qxd4 Be7 7. Be3 c5 8. Qd2 0-0 9. h3 a6 10. e5 dxe5 11. fxe5 Ne8 12. Bd3 Nc7 13. a4 Ne6 14. 0-0 Nb8 15. Nd5 Nc6 16. c3 h6 17. Bxh6 c4 18. Bc2 Bc5+ 19. Kh1 Re8 20. Rad1 Ne7 21. Nxe7+ Bxe7 22. Qf2 Qc7 23. Be3 b5 24. Nd4 Bd8 25. Nf5 Rf8 26. Qg3 Bf6 1-0

[Event "Pierrevert op"]
[Site "Pierrevert"]
[Date "2004.??.??"]
[Round "?"]
[White "Vaklinov, Vasil"]
[Black "Jean, Claude"]
[Result "1/2-1/2"]
[WhiteElo "2164"]
[BlackElo "2245"]
[PlyCount "85"]
[EventDate "2004.??.??"]
[EventType "swiss (rapid)"]
[EventRounds "9"]
[EventCountry "FRA"]
[SourceTitle "EXT 2005"]
[Source "ChessBase"]
[SourceDate "2004.11.15"]
[SourceVersion "1"]
[SourceVersionDate "2004.11.15"]
[SourceQuality "1"]

1. e4 c5 2. Nf3 d6 3. d4 cxd4 4. Nxd4 Nf6 5. Nc3 a6 6. g3 e5 7. Nde2 b5 8. Bg2 Bb7 9. 0-0 Nbd7 10. a4 b4 11. Nd5 Nxd5 12. exd5 a5 13. c4 Be7 14. Be3 Rc8 15. b3 0-0 16. Ra2 Bg5 17. f4 Bh6 18. Bc1 g6 19. fxe5 Bxc1 20. Nxc1 Nxe5 21. Nd3 Qb6+ 22. Kh1 Rce8 23. Re2 Nxd3 24. Qxd3 Bc8 25. Rfe1 Bf5 26. Be4 Bd7 27. Qe3 Qxe3 28. Rxe3 Re5 29. Bf3 f6 30. Kg2 Rfe8 31. Kf2 Bf5 32. Rxe5 fxe5 33. Rc1 Rc8 34. Ke3 Kf8 35. Be4 Bh3 36. Rc2 Ke7 37. Bg2 Bd7 38. h3 Bf5 39. Rf2 Bd7 40. g4 h5 41. g5 h4 42. Rf6 Rg8 43. Rf2 1/2-1/2